000
00317nam a2200109Ia 4500
008
220622s9999 xx 000 0 und d
020
_a
0521-146984
082
_a
NF,496.3118 MOR
100
_a
Achebe, Chinua
_9
1515
245
0
_a
IZINDLELA ZOKUFUNDISWA KWESIZULU
942
_c
BK
_w
561
_x
John Tresidder
_y
_z
CRON CRON
999
_c
669615
_d
669614